000
00269nam a22001217a 4500
041
_a
ENG
100
_a
Torrey .M
245
_a
Dehydration Of Fruits And Vegetables
260
_a
Delhi
_b
Noyes Data
_c
1998
300
_a
389
650
_a
APE ( 02 )
856
_u
APE ( 02 )
999
_c
2868
_d
2868